000 00561cam a2200145 4500500
005 20251012010654.0
041 _afre
042 _adc
100 1 0 _aCordemoy, Laurent
_eauthor
245 0 0 _aThierry Hoquet, Histoire (dé)coloniale de la philosophie française. De la Renaissance à nos jours. Presses universitaires de France, 2025, 336 páginas, 23 euros.
260 _c2025.
500 _a8
786 0 _nÉtudes | - | 9 | 2025-09-01 | p. 135a-136
856 4 1 _uhttps://shs.cairn.info/revista-etudes-2025-9-page-135a?lang=es&redirect-ssocas=7080
999 _c1520163
_d1520163